Cell and tissue ultrastructure. (Record no. 6988)
[ view plain ]
| 000 -LEADER | |
|---|---|
| fixed length control field | 00900pam a2200253 a 4500 |
| 001 - CONTROL NUMBER | |
| control field | 2049909 |
| 003 - CONTROL NUMBER IDENTIFIER | |
| control field | OSt |
| 005 - DATE AND TIME OF LATEST TRANSACTION | |
| control field | 20211015092111.0 |
| 008 - FIXED-LENGTH DATA ELEMENTS--GENERAL INFORMATION | |
| fixed length control field | 930323s1993 nyua b 001 0 eng |
| 010 ## - LIBRARY OF CONGRESS CONTROL NUMBER | |
| LC control number | 93010479 |
| 020 ## - INTERNATIONAL STANDARD BOOK NUMBER | |
| International Standard Book Number | 0716770334 |
| 040 ## - CATALOGING SOURCE | |
| Original cataloging agency | DLC |
| Transcribing agency | DDC |
| Modifying agency | DLC |
| 082 00 - DEWEY DECIMAL CLASSIFICATION NUMBER | |
| Classification number | 611.01CRO 1993 |
| 100 1# - MAIN ENTRY--PERSONAL NAME | |
| Personal name | Cross, Patricia C.; |
| 9 (RLIN) | 14342 |
| 245 10 - TITLE STATEMENT | |
| Title | Cell and tissue ultrastructure. |
| Remainder of title | A functional perspective. |
| Statement of responsibility, etc. | Edited by Cross,Patricia C. and Mercer,K. Lynne; |
| 260 ## - PUBLICATION, DISTRIBUTION, ETC. (IMPRINT) | |
| Place of publication, distribution, etc. | New York : |
| Name of publisher, distributor, etc. | W.H. Freeman, |
| Date of publication, distribution, etc. | c1993. |
| 300 ## - PHYSICAL DESCRIPTION | |
| Extent | xii,420p; |
| Other physical details | ill; |
| Dimensions | 28cm. |
| 504 ## - BIBLIOGRAPHY, ETC. NOTE | |
| Bibliography, etc | Includes; bibliographical references (p. 401-412) and index. |
| 650 #0 - SUBJECT ADDED ENTRY--TOPICAL TERM | |
| Topical term or geographic name as entry element | Biology |
| 9 (RLIN) | 194 |
| 700 1# - ADDED ENTRY--PERSONAL NAME | |
| Personal name | Mercer, K. Lynne. |
| 9 (RLIN) | 14344 |
| 906 ## - LOCAL DATA ELEMENT F, LDF (RLIN) | |
| a | 7 |
| b | cbc |
| c | orignew |
| d | 1 |
| e | ocip |
| f | 19 |
| g | y-gencatlg |
| 942 ## - ADDED ENTRY ELEMENTS (KOHA) | |
| Source of classification or shelving scheme | Dewey Decimal Classification |
| Koha item type | Open Shelf |
| Withdrawn status | Lost status | Source of classification or shelving scheme | Damaged status | Not for loan | Home library | Current library | Date acquired | Source of acquisition | Inventory number | Total Checkouts | Full call number | Barcode | Date last seen | Price effective from | Koha item type | Date last checked out |
|---|---|---|---|---|---|---|---|---|---|---|---|---|---|---|---|---|
| Dewey Decimal Classification | MUST Main Library | MUST Main Library | 04/06/2021 | Purchase | 03/19320 | 611.0189CRO 1993 | 2021-0634 | 04/06/2021 | 04/06/2021 | Open Shelf | ||||||
| Dewey Decimal Classification | MUST Main Library | MUST Main Library | 04/06/2021 | Purchase | 06/28122 | 1 | 611.0189CRO 1993 | 2021-0635 | 30/01/2023 | 04/06/2021 | Open Shelf | 12/01/2023 | ||||
| Dewey Decimal Classification | MUST Main Library | MUST Main Library | 04/06/2021 | Purchase | 04/20705 | 611.0189CRO 1993 | 2021-0636 | 04/06/2021 | 04/06/2021 | Open Shelf | ||||||
| Dewey Decimal Classification | MUST Main Library | MUST Main Library | 04/06/2021 | Purchase | 05/23509 | 611.0189CRO 1993 | 2021-0637 | 04/06/2021 | 04/06/2021 | Open Shelf | ||||||
| Dewey Decimal Classification | MUST Main Library | MUST Main Library | 04/06/2021 | Purchase | 05/23510 | 611.0189CRO 1993 | 2021-0638 | 04/06/2021 | 04/06/2021 | Open Shelf | ||||||
| Dewey Decimal Classification | MUST Main Library | MUST Main Library | 04/06/2021 | Purchase | 03/19321 | 611.0189CRO 1993 | 2021-0639 | 04/06/2021 | 04/06/2021 | Open Shelf | ||||||
| Dewey Decimal Classification | MUST Main Library | MUST Main Library | 04/06/2021 | Purchase | 03/19322 | 611.0189CRO 1993 | 2021-0640 | 04/06/2021 | 04/06/2021 | Open Shelf | ||||||
| Dewey Decimal Classification | MUST Main Library | MUST Main Library | 04/06/2021 | Purchase | 04/20707 | 611.0189CRO 1993 | 2021-0641 | 04/06/2021 | 04/06/2021 | Open Shelf | ||||||
| Dewey Decimal Classification | MUST Main Library | MUST Main Library | 04/06/2021 | Purchase | 06/28121 | 611.0189CRO 1993 | 2021-0642 | 04/06/2021 | 04/06/2021 | Open Shelf | ||||||
| Dewey Decimal Classification | MUST Main Library | MUST Main Library | 15/10/2021 | Purchase | 04/20706 | 611.01CRO 1993 | 2021-1463 | 15/10/2021 | 15/10/2021 | Open Shelf |
